Statistics for Bristol Airport Destinations (Bristol, UK)

Click here to take the quiz!

General Stats

  • This quiz has been taken 63 times
  • The average score is 62 of 117

Answer Stats

AirlineDestination% Correct
easyJet/KLMAmsterdam
96%
Aer Lingus/RyanairDublin
96%
easyJetBerlin
94%
easyJetGlasgow
94%
easyJetLisbon
92%
easyJetParis (Charles de Gaulle)
92%
easyJetParis (Orly)
92%
easyJetBelfast (City)
90%
easyJetBelfast (International)
90%
easyJetCopenhagen
90%
easyJetEdinburgh
90%
easyJet/RyanairMadrid
90%
Aegean Airlines/easyJetAthens
88%
LufthansaFrankfurt
88%
easyJetRome (Fiumicino)
86%
LoganairAberdeen
84%
easyJet/RyanairBarcelona
84%
easyJet/RyanairPorto
84%
Aer LingusCork
82%
easyJetMilan (Malpensa)
82%
easyJetNice
82%
RyanairBucharest
80%
easyJet/TUI AirwaysGeneva
80%
easyJetLyon
80%
RyanairBudapest
78%
easyJetIsle of Man
78%
RyanairWarsaw (Modlin)
78%
Swiss International Air LinesZurich
78%
easyJet/RyanairVenice
76%
easyJet/Jet2.com/RyanairFaro
73%
easyJet/Jet2.com/Ryanair/TUI AirwaysIbiza
73%
easyJet/Jet2.com/Ryanair/TUI AirwaysMalaga
73%
easyJetBordeaux
71%
easyJet/RyanairMarseille
71%
easyJet/Jet2.com/TUI AirwaysNaples
71%
easyJetPrague
69%
easyJet/RyanairKrakow
67%
easyJetNewcastle upon Tyne
67%
easyJet/Jet2.com/Ryanair/TUI AirwaysPalma de Mallorca
67%
easyJet/RyanairSofia
67%
easyJet/Ryanair/TUI AirwaysTurin
65%
easyJet/Jet2.com/RyanairAlicante
63%
Jet2.comMalta
63%
RyanairValencia
63%
easyJet/Jet2.com/TUI AirwaysCorfu
61%
easyJet/Jet2.com/TUI AirwaysRhodes
61%
easyJet/Jet2.com/Ryanair/TUI AirwaysTenerife (South)
61%
Corendon Airlines/easyJet/Jet2.com/SunExpress/TUI AirwaysAntalya
59%
RyanairCologne/Bonn
57%
Blue IslandsJersey
57%
easyJetReykjavik
57%
easyJetSplit
57%
easyJet/TUI AirwaysToulouse
57%
easyJetBasel/Mulhouse
55%
easyJetBilbao
55%
easyJet/TUI AirwaysDubrovnik
55%
easyJetInverness
55%
RyanairGdansk
53%
easyJet/Jet2.com/TUI AirwaysKos
53%
easyJet/Jet2.com/Ryanair/TUI AirwaysLanzarote
53%
RyanairRiga
53%
TUI AirwaysSal
53%
easyJet/Jet2.com/TUI AirwaysHeraklion
51%
easyJet/Jet2.com/TUI AirwaysMenorca
51%
easyJet/Jet2.com/Ryanair/TUI AirwaysGran Canaria
49%
Jet2.comIzmir
49%
TUI AirwaysMarrakesh
49%
easyJet/Jet2.com/TUI AirwaysZakynthos
49%
easyJet/Jet2.com/TUI AirwaysLarnaca
47%
easyJet/Jet2.com/TUI AirwaysSantorini
47%
Jet2.com/TUI AirwaysThessaloniki
47%
easyJetMykonos
45%
easyJetNantes
45%
easyJet/Jet2.com/TUI AirwaysPaphos
45%
AurignyGuernsey
43%
RyanairWroclaw
41%
easyJetGibraltar
39%
easyJet/Jet2.com/TUI AirwaysInnsbruck
39%
TUI AirwaysMelbourne/Orlando
39%
easyJetPisa
39%
Jet2.com/TUI AirwaysVerona
39%
easyJet/Jet2.com/TUI AirwaysFuerteventura
37%
easyJet/Jet2.comBodrum
35%
easyJetCatania
35%
easyJet/Jet2.comChania
35%
easyJet/Jet2.comFunchal
35%
easyJet/Jet2.com/TUI AirwaysKefalonia
35%
easyJetPula
35%
BH Air/Jet2.com/TUI AirwaysBurgas
33%
easyJet/Jet2.com/TUI AirwaysDalaman
33%
easyJet/Jet2.com/TUI AirwaysSalzburg
33%
RyanairBergamo
31%
TUI AirwaysCancun
31%
Wizz AirKatowice
31%
Jet2.com/RyanairGirona
29%
easyJet/RyanairGrenoble
29%
easyJet/TUI AirwaysHurghada
29%
RyanairKaunas
29%
easyJetOlbia
29%
RyanairPoznan
29%
easyJet/TUI AirwaysSharm El Sheikh
29%
Jet2.comAlmeria
24%
Jet2.comReus
22%
Jet2.com/TUI AirwaysSkiathos
22%
easyJet/Jet2.comPreveza/Lefkada
20%
easyJet/TUI AirwaysEnfidha
18%
RyanairKnock
16%
RyanairRzeszow
12%
Jet2.com/TUI AirwaysChambery
10%
RyanairBydgoszcz
8%
easyJetLa Rochelle
8%
TUI AirwaysKittila
6%
RyanairLimoges
6%
easyJet/TUI AirwaysRovaniemi
6%
RyanairBergerac
4%
RyanairBeziers
4%
easyJetMurica
2%

Score Distribution

Percentile by Number Answered

Percent of People with Each Score

Your Score History

You have not taken this quiz